[Event "Sparkassen-Open A"]
[Site "Heusenstamm, Martinsee"]
[Date "2022.11.20"]
[Round "6.2"]
[White "Kramer, Julian"]
[Black "Laux, Dominik"]
[Result "1-0"]
[WhiteElo "2461"]
[BlackElo "2280"]
[PlyCount "149"]
[EventDate "2022.??.??"]
[WhiteTeam "Hamburger SK von 1830"]
[BlackTeam "SV 1920 Hofheim"]

1. e4 c5 2. Nf3 d6 3. d4 cxd4 4. Nxd4 Nf6 5. Nc3 Nc6 6. Bg5 e6 7. Qd3 Bd7 8.
Ndb5 Nb4 9. Qd1 Qb8 10. Bf4 e5 11. Bg5 a6 12. Bxf6 gxf6 13. Na3 b5 14. g3 h5
15. Bg2 h4 16. Nab1 Be6 17. a3 Nc6 18. Nd5 Bxd5 19. exd5 Ne7 20. g4 Bh6 21. Nc3
Kf8 22. Be4 Kg7 23. Qf3 Qc7 24. O-O Rhb8 25. Ne2 Ng6 26. h3 Qc5 27. b4 Qb6 28.
Bd3 Nf4 29. Nxf4 Bxf4 30. Rfe1 Rc8 31. Re4 Bg5 32. Kg2 Rc3 33. a4 bxa4 34. Rxa4
Ra7 35. Re1 Rcc7 36. Rea1 Bd2 37. Qe4 a5 38. bxa5 Rxa5 39. Qh7+ Kf8 40. Qxh4
Rxa4 41. Rxa4 Ke7 42. Qh7 Be1 43. Qf5 Ra7 44. Rc4 Rc7 45. Re4 Bd2 46. h4 Qa5
47. Bc4 Qa4 48. Bd3 Qa8 49. c4 Qc8 50. Qxc8 Rxc8 51. Re2 Bf4 52. Ra2 Kf8 53.
Kf3 Kg7 54. Ra6 Rd8 55. Ke4 Kf8 56. c5 dxc5 57. d6 Bh2 58. Bc4 Ke8 59. h5 Bf4
60. f3 Kf8 61. Rb6 Ke8 62. Kd5 e4 63. fxe4 Kf8 64. Rc6 Ke8 65. Kxc5 Be3+ 66.
Kd5 Bf4 67. Ra6 Kf8 68. Bb5 Kg7 69. d7 Bg5 70. e5 fxe5 71. Kxe5 Rb8 72. Bc6 Kf8
73. Kf5 Bd2 74. Ra2 Bb4 75. Rb2 1-0

[Event "Sparkassen-Open A"]
[Site "Heusenstamm, Martinsee"]
[Date "2022.11.20"]
[Round "6.3"]
[White "Dgebuadze, Alexandre"]
[Black "Gahan, M G."]
[Result "1-0"]
[WhiteElo "2420"]
[BlackElo "2228"]
[PlyCount "95"]
[EventDate "2022.??.??"]
[WhiteTeam "SC Remagen-Sinzig"]
[BlackTeam "vereinslos"]

1. c4 g6 2. Nc3 c5 3. g3 Bg7 4. Bg2 Nc6 5. d3 Nf6 6. h4 Rb8 7. Nh3 a6 8. Nf4 h5
9. Nfd5 b5 10. Nxf6+ Bxf6 11. cxb5 axb5 12. Ne4 Bg7 13. Nxc5 Qa5+ 14. Bd2 Qb6
15. Be3 Qa5+ 16. Bd2 Qb6 17. Qc1 Bd4 18. Be3 O-O 19. O-O d6 20. Nb3 Bxe3 21.
Qxe3 Qxe3 22. fxe3 Ne5 23. Nd4 Bd7 24. Rfc1 Rfc8 25. a3 Ng4 26. Bc6 Rc7 27.
Bxd7 Rxd7 28. Nc6 Ra8 29. e4 Kg7 30. Rc3 Rb7 31. Rac1 Kf6 32. d4 Ke6 33. Kg2
Kd7 34. Nb4 Raa7 35. Kf3 f6 36. Rc8 Rc7 37. R1xc7+ Rxc7 38. Rxc7+ Kxc7 39. Nd5+
Kd7 40. Nf4 e5 41. Nxg6 exd4 42. b3 Ne3 43. Nf4 Nc2 44. Nxh5 Nxa3 45. Nxf6+ Ke6
46. Nd5 Nb1 47. h5 Kf7 48. b4 1-0

[Event "Sparkassen-Open A"]
[Site "Heusenstamm, Martinsee"]
[Date "2022.11.20"]
[Round "6.4"]
[White "Haack, Kevin"]
[Black "Hagner, Bennet"]
[Result "1/2-1/2"]
[WhiteElo "2219"]
[BlackElo "2336"]
[PlyCount "42"]
[EventDate "2022.??.??"]
[WhiteTeam "SV 1920 Hofheim"]
[BlackTeam "Frankfurter TV 1860"]

1. d4 Nf6 2. c4 c6 3. Nf3 d5 4. g3 Bf5 5. Nc3 e6 6. Qb3 Qb6 7. c5 Qc7 8. Bf4
Qc8 9. Bg2 Nbd7 10. O-O Be7 11. Rfc1 O-O 12. h3 h6 13. g4 Bg6 14. Qd1 b6 15. b4
Ne4 16. Nxe4 Bxe4 17. Ne5 Bh7 18. e3 Nxe5 19. Bxe5 Qb7 20. Bf1 Rfc8 21. Qb3 Bd8
1/2-1/2

[Event "Sparkassen-Open A"]
[Site "Heusenstamm, Martinsee"]
[Date "2022.11.20"]
[Round "6.5"]
[White "Weber, Samuel"]
[Black "Hahn, Markus"]
[Result "0-1"]
[WhiteElo "2198"]
[BlackElo "2303"]
[PlyCount "182"]
[EventDate "2022.??.??"]
[WhiteTeam "SV Oberursel"]
[BlackTeam "SVG CAISSA Kassel"]

1. Nf3 c5 2. e4 d6 3. d4 cxd4 4. Qxd4 Nc6 5. Bb5 Bd7 6. Bxc6 Bxc6 7. Nc3 Nf6 8.
Bg5 e6 9. O-O-O Be7 10. Rhe1 O-O 11. Kb1 Qa5 12. Qd2 Rfd8 13. Nd4 h6 14. Bh4
Qh5 15. Bg3 Rac8 16. f3 b5 17. h4 b4 18. Nce2 Qa5 19. Bf2 h5 20. Rg1 Ba8 21.
Be3 Qc7 22. Bg5 a5 23. Ng3 Kf8 24. Bxf6 Bxf6 25. Nxh5 Bxd4 26. Qxd4 Qxc2+ 27.
Ka1 e5 28. Qe3 Qc7 29. Qg5 f6 30. Nxf6 gxf6 31. Qxf6+ Qf7 32. Rxd6 Qxf6 33.
Rxf6+ Ke7 34. Ra6 Rc5 35. h5 Bc6 36. g4 Rf8 37. Ra7+ Ke6 38. h6 Rxf3 39. h7 Rg3
40. Rf1 Rf3 41. Rg1 Rg3 42. Rf1 Rh3 43. g5 Bxe4 44. Ra6+ Kd5 45. Rd1+ Rd3 46.
Re1 Bxh7 47. g6 Bxg6 48. Rxg6 e4 49. Rg4 e3 50. Kb1 a4 51. Rg8 b3 52. axb3 axb3
53. Rg5+ Kc6 54. Rg6+ Kd7 55. Rg3 Re5 56. Rh3 Ke6 57. Rf3 Kd5 58. Rf4 Rd4 59.
Rf3 Rd3 60. Rf4 Re4 61. Rf8 Re6 62. Rd8+ Ke4 63. Rf8 Re5 64. Rf7 Rf5 65. Rc7
Rfd5 66. Kc1 Kd4 67. Re7 Rc5+ 68. Kb1 Re5 69. Rd7+ Ke4 70. Rf7 Rd2 71. Kc1 Rc2+
72. Kb1 e2 73. Rb7 Rd2 74. Kc1 Rc2+ 75. Kb1 Rd2 76. Kc1 Red5 77. Re7+ Kf3 78.
Rf7+ Kg2 79. Rg7+ Kf2 80. Rgg1 Rc2+ 81. Kb1 Rdd2 82. Ka1 Rc4 83. Kb1 Ra4 84.
Kc1 Rc2+ 85. Kb1 Rb4 86. Ka1 Rb5 87. Kb1 Rc4 88. Ka1 Ra4+ 89. Kb1 Rba5 90.
Rxe2+ Kxe2 91. Rd1 Ra1# 0-1

[Event "Sparkassen-Open A"]
[Site "Heusenstamm, Martinsee"]
[Date "2022.11.20"]
[Round "6.6"]
[White "Eilers, Stefan"]
[Black "Ohler, Julius"]
[Result "1/2-1/2"]
[WhiteElo "2292"]
[BlackElo "2120"]
[PlyCount "96"]
[EventDate "2022.??.??"]
[WhiteTeam "SG Dietzenbach"]
[BlackTeam "SC ML Kastellaun"]

1. d4 Nf6 2. Nf3 e6 3. g3 d5 4. Bg2 Be7 5. c4 O-O 6. Nc3 dxc4 7. Ne5 Nc6 8.
Bxc6 bxc6 9. Nxc6 Qe8 10. Nxe7+ Qxe7 11. Qa4 Bb7 12. O-O c5 13. Qxc4 cxd4 14.
Qxd4 e5 15. Qh4 Qe6 16. e4 Rac8 17. Bg5 Rxc3 18. bxc3 Nxe4 19. Be3 Nxc3 20. f3
a5 21. Rf2 Qd5 22. Raf1 Ba6 23. Rd2 Qa8 24. Rff2 f6 25. Qg4 Qc6 26. Qd7 Qc4 27.
Qe7 Bb5 28. Qc5 Rc8 29. Qxc4+ Bxc4 30. Rd7 Bxa2 31. Rb2 Be6 32. Rd6 Bd5 33. Bd2
Bxf3 34. Rd3 Ne2+ 35. Kf2 Bh5 36. Be3 Nd4 37. Bxd4 exd4 38. Rxd4 Rc7 39. Rd5
Bg6 40. Rxa5 Rc2+ 41. Rxc2 Bxc2 42. Ra7 h5 43. Ke3 Bf5 44. h4 Bg4 45. Kd4 Kf8
46. Kd5 Bh3 47. Kd6 Bg4 48. Ra5 Kf7 1/2-1/2

[Event "Sparkassen-Open A"]
[Site "Heusenstamm, Martinsee"]
[Date "2022.11.20"]
[Round "6.7"]
[White "Ochs, Daniel Elias"]
[Black "Kersten, Uwe"]
[Result "1/2-1/2"]
[WhiteElo "2107"]
[BlackElo "2256"]
[PlyCount "39"]
[EventDate "2022.??.??"]
[WhiteTeam "Wiesbadener SV 1885"]
[BlackTeam "Sfr.Bad Emstal/Wolfhagen"]

1. d4 Nf6 2. Nf3 e6 3. c4 c5 4. e3 a6 5. b3 cxd4 6. exd4 d5 7. Be2 dxc4 8. bxc4
Bb4+ 9. Bd2 Bxd2+ 10. Nbxd2 Nc6 11. Nb3 O-O 12. O-O b6 13. Qd2 Qc7 14. Rac1 Rd8
15. Rfd1 Bb7 16. h3 Nxd4 17. Nfxd4 e5 18. c5 Bd5 19. cxb6 Qxb6 20. Qa5 1/2-1/2

[Event "Sparkassen-Open A"]
[Site "Heusenstamm, Martinsee"]
[Date "2022.11.20"]
[Round "6.8"]
[White "Besou, Hussain"]
[Black "Podat, Vladimir"]
[Result "1/2-1/2"]
[WhiteElo "2106"]
[BlackElo "2255"]
[PlyCount "73"]
[EventDate "2022.??.??"]
[WhiteTeam "LSV Turm Lippstadt"]
[BlackTeam "SC Untergrombach 46"]

1. e4 e5 2. Nf3 Nc6 3. Bb5 a6 4. Ba4 Nf6 5. O-O b5 6. Bb3 Bc5 7. c3 d6 8. d4
Bb6 9. a4 Rb8 10. a5 Ba7 11. h3 O-O 12. Be3 Ra8 13. Nbd2 Bb7 14. Re1 h6 15. Bc2
Re8 16. d5 Ne7 17. Bxa7 Rxa7 18. c4 bxc4 19. Nxc4 Bc8 20. Qd2 Bd7 21. b4 Ng6
22. Re3 Nh5 23. Kh2 Nh4 24. Ne1 Rf8 25. g3 Ng6 26. Qe2 Nf6 27. Rc3 Nh7 28. Ne3
Ne7 29. Rd1 Qb8 30. Rb3 Rb7 31. Qd2 Bb5 32. Nf3 Nf6 33. Rc3 Bd7 34. Rc4 Bb5 35.
Rc3 Bd7 36. Rc4 Bb5 37. Rc3 1/2-1/2

[Event "Sparkassen-Open A"]
[Site "Heusenstamm, Martinsee"]
[Date "2022.11.20"]
[Round "6.9"]
[White "Spriestersbach, Kai"]
[Black "Heimrath, Reiner"]
[Result "1/2-1/2"]
[WhiteElo "2050"]
[BlackElo "2187"]
[PlyCount "103"]
[EventDate "2022.??.??"]
[WhiteTeam "SV Erkenschwick"]
[BlackTeam "SC Noris-Tarrasch Nürnberg"]

1. e4 e5 2. Nf3 Nc6 3. Bb5 f5 4. d3 Nf6 5. O-O Bc5 6. exf5 O-O 7. Bg5 d6 8.
Bxc6 bxc6 9. d4 exd4 10. Nxd4 Bxd4 11. Qxd4 Qe8 12. Nd2 Bxf5 13. Rae1 Qg6 14.
Bxf6 Rxf6 15. Re3 Raf8 16. c3 c5 17. Qd5+ Be6 18. Qb7 Qf7 19. Ne4 Rf5 20. f3
Bxa2 21. Qxa7 Bd5 22. Qa4 Re5 23. Rfe1 h6 24. Ng3 Rxe3 25. Rxe3 Ra8 26. Qd1 Bc6
27. Qe1 Qf6 28. Re7 Ra1 29. Re8+ Bxe8 30. Qxa1 Qe6 31. Kf2 Qb3 32. Qc1 Bg6 33.
Qd2 Kh7 34. Ne2 Bc2 35. Qc1 Kh8 36. Kg3 Bf5 37. Qd2 Qc4 38. Qf4 Qe6 39. Qd2
Qe5+ 40. Qf4 Qe6 41. Qd2 Bb1 42. Kf2 Qe5 43. h3 Qe6 44. Kg3 Qb3 45. Nc1 Qb5 46.
Ne2 Bd3 47. Nf4 c4 48. Kf2 Qb6+ 49. Kg3 Qb5 50. Kf2 Qb6+ 51. Kg3 Qb5 52. Kf2
1/2-1/2

[Event "Sparkassen-Open A"]
[Site "Heusenstamm, Martinsee"]
[Date "2022.11.20"]
[Round "6.10"]
[White "Nemitz, Alfred"]
[Black "Dolzhykova, Kateryna"]
[Result "1/2-1/2"]
[WhiteElo "1802"]
[BlackElo "2204"]
[PlyCount "120"]
[EventDate "2022.??.??"]
[WhiteTeam "USV Potsdam"]
[BlackTeam "SV Oberursel"]

1. d4 d6 2. Nf3 Nf6 3. c3 g6 4. Bg5 Bg7 5. Nbd2 Nbd7 6. e4 e5 7. Bd3 h6 8. Bh4
g5 9. Bg3 Nh5 10. dxe5 dxe5 11. Nc4 Nf4 12. Ne3 Nc5 13. Bc2 Be6 14. O-O O-O 15.
b4 Ncd3 16. Bxd3 Qxd3 17. Qxd3 Nxd3 18. Rfd1 Rad8 19. Rd2 f5 20. exf5 Bxf5 21.
Nxe5 Nf4 22. Rxd8 Rxd8 23. Nxf5 Bxe5 24. Nxh6+ Kg7 25. Nf5+ Kf6 26. Bxf4 gxf4
27. Nd4 Bxd4 28. cxd4 Rxd4 29. a3 Kf5 30. Kf1 Rd2 31. Rc1 c6 32. b5 cxb5 33.
Rc5+ Ke4 34. Rxb5 Ra2 35. Rb4+ Kd3 36. g3 Rxa3 37. gxf4 a5 38. Rxb7 Ke4 39. Kg2
Kxf4 40. Rg7 Rb3 41. h3 Rb8 42. Rg4+ Kf5 43. Ra4 Ra8 44. h4 Ra7 45. Kg3 Rg7+
46. Kf3 Ra7 47. Kg2 Rg7+ 48. Kh3 Ra7 49. f3 Ra8 50. Kg3 Rg8+ 51. Kh3 Ra8 52. f4
Ra7 53. Kg3 Ra8 54. h5 Rg8+ 55. Kf3 Ra8 56. Kg3 Rg8+ 57. Kh4 Ra8 58. h6 Kg6 59.
f5+ Kxh6 60. Kg4 Kg7 1/2-1/2

[Event "Sparkassen-Open A"]
[Site "Heusenstamm, Martinsee"]
[Date "2022.11.20"]
[Round "6.11"]
[White "Neukirchner, Pascal"]
[Black "Junker, Christian"]
[Result "1-0"]
[WhiteElo "2288"]
[BlackElo "1995"]
[PlyCount "95"]
[EventDate "2022.??.??"]
[WhiteTeam "SK Gründau"]
[BlackTeam "SV 1926 Neu-Isenburg"]

1. d4 f5 2. Nc3 d5 3. Bf4 c6 4. e3 Nf6 5. Nf3 e6 6. Bd3 Be7 7. O-O O-O 8. Ne2
Ne4 9. h3 b6 10. c4 Bb7 11. Rc1 Nd7 12. Ne5 Nxe5 13. Bxe5 g5 14. cxd5 exd5 15.
f3 Nd6 16. Qc2 c5 17. Ng3 Bc8 18. Bxd6 Bxd6 19. Nxf5 Bxf5 20. Bxf5 Qf6 21.
Bxh7+ Kg7 22. Rcd1 cxd4 23. Rxd4 Qe5 24. Rg4 Qxe3+ 25. Kh1 Rf6 26. Bd3 Raf8 27.
Qe2 Bf4 28. g3 Qxe2 29. Bxe2 Be3 30. f4 d4 31. Rxg5+ Rg6 32. Rxg6+ Kxg6 33.
Bd3+ Kf6 34. Kg2 Rc8 35. Kf3 a5 36. g4 Bc1 37. g5+ Ke6 38. b3 Be3 39. h4 Kd5
40. Bc4+ Kd6 41. h5 Rf8 42. Kg4 Ke7 43. f5 Rd8 44. f6+ Kf8 45. g6 Bh6 46. g7+
Bxg7 47. fxg7+ Kxg7 48. Bd3 1-0

[Event "Sparkassen-Open A"]
[Site "Heusenstamm, Martinsee"]
[Date "2022.11.20"]
[Round "6.12"]
[White "Milov, Leonid"]
[Black "Foerster-Yialamas, Lucas"]
[Result "1-0"]
[WhiteElo "2433"]
[BlackElo "2125"]
[PlyCount "71"]
[EventDate "2022.??.??"]
[WhiteTeam "SC Noris-Tarrasch Nürnberg"]
[BlackTeam "Frankfurter TV 1860"]

1. e4 e5 2. Bc4 Nf6 3. d3 c6 4. Nf3 d5 5. Bb3 Bb4+ 6. Bd2 Bxd2+ 7. Nbxd2 Qe7 8.
O-O dxe4 9. Ng5 O-O 10. Ndxe4 Nxe4 11. Nxe4 Be6 12. Qh5 Bd5 13. Rfe1 Nd7 14. d4
Rae8 15. Nc3 Bxb3 16. axb3 a6 17. Rad1 f6 18. f4 g6 19. Qh3 Rf7 20. dxe5 fxe5
21. Ne4 Nf8 22. Nd6 Rxf4 23. Nxe8 Qxe8 24. Qe3 Qf7 25. Qxe5 Rf5 26. Qd4 Rf4 27.
Qd6 Rf6 28. Qd8 Rf5 29. Rf1 b5 30. Qd6 Qa7+ 31. Kh1 Rf2 32. Qxc6 Qd4 33. h3
Rxf1+ 34. Rxf1 Qxb2 35. Qxa6 Qxc2 36. Qf6 1-0

[Event "Sparkassen-Open A"]
[Site "Heusenstamm, Martinsee"]
[Date "2022.11.20"]
[Round "6.13"]
[White "Poysti, Nathanael"]
[Black "Krastev, Alexander"]
[Result "1/2-1/2"]
[WhiteElo "2087"]
[BlackElo "2422"]
[PlyCount "84"]
[EventDate "2022.??.??"]
[WhiteTeam "Ottakring"]
[BlackTeam "SG Solingen"]

1. e4 c5 2. c4 Nc6 3. Nc3 g6 4. g3 Bg7 5. Bg2 e6 6. Nge2 Nge7 7. O-O O-O 8. d3
d6 9. Rb1 b6 10. Be3 Bb7 11. d4 a6 12. b3 cxd4 13. Nxd4 Qc7 14. Rc1 Nxd4 15.
Bxd4 Rab8 16. Bxg7 Kxg7 17. Qd4+ f6 18. Rfd1 Rfd8 19. h4 Nc6 20. Qe3 Ne5 21.
Bh3 Qe7 22. f4 Nd7 23. Rd2 a5 24. Rcd1 Nc5 25. Bg2 Rd7 26. e5 dxe5 27. fxe5
Rxd2 28. Rxd2 Bxg2 29. exf6+ Qxf6 30. Kxg2 Rf8 31. Qd4 e5 32. Qe3 Qf1+ 33. Kh2
Qf5 34. Re2 e4 35. Nxe4 Nxe4 36. Qxe4 Qxe4 37. Rxe4 Rf2+ 38. Kh3 Rxa2 39. Re6
a4 40. Rxb6 axb3 41. Rxb3 Rc2 42. Rb4 h5 1/2-1/2

[Event "Sparkassen-Open A"]
[Site "Heusenstamm, Martinsee"]
[Date "2022.11.20"]
[Round "6.14"]
[White "Gallasch, Jonas"]
[Black "Eurich, Jannik"]
[Result "1-0"]
[WhiteElo "2275"]
[BlackElo "1992"]
[PlyCount "67"]
[EventDate "2022.??.??"]
[WhiteTeam "SG Porz"]
[BlackTeam "SK Langen"]

1. Nf3 Nf6 2. c4 e6 3. d4 d5 4. e3 c6 5. b3 b6 6. Bd3 Nbd7 7. O-O Bb7 8. Nc3
Bd6 9. Bb2 O-O 10. Qe2 Qe7 11. Rad1 Rac8 12. e4 dxe4 13. Nxe4 Ba3 14. Ba1 Rfe8
15. Ne5 c5 16. Ng5 cxd4 17. Bxd4 Nxe5 18. Qxe5 Bd6 19. Bxh7+ Kf8 20. Qe2 e5 21.
Bc3 g6 22. Qd2 Rcd8 23. Ne4 Kg7 24. Nxd6 Rh8 25. Bb4 Qe6 26. Qc3 Bc6 27. Rfe1
e4 28. f3 Kxh7 29. Ba3 Kg8 30. Nxe4 Rxd1 31. Rxd1 Bxe4 32. fxe4 Kh7 33. Bb2 Qg4
34. Rf1 1-0

[Event "Sparkassen-Open A"]
[Site "Heusenstamm, Martinsee"]
[Date "2022.11.20"]
[Round "6.15"]
[White "Schmidt, Markus"]
[Black "Klundt, Klaus"]
[Result "1-0"]
[WhiteElo "2099"]
[BlackElo "2273"]
[PlyCount "43"]
[EventDate "2022.??.??"]
[WhiteTeam "SK Niederbrechen 1948"]
[BlackTeam "SC Heusenstamm"]

1. d4 Nf6 2. c4 e6 3. Nf3 d5 4. Nc3 Be7 5. g3 O-O 6. Bg2 c6 7. b3 Ne4 8. Bd2 f5
9. O-O Nd7 10. Qc2 b6 11. cxd5 cxd5 12. Nb5 Ba6 13. a4 Nxd2 14. Qxd2 Nf6 15.
Ne5 Bd6 16. Rfc1 Bxb5 17. axb5 Bxe5 18. dxe5 Nd7 19. Rc6 Re8 20. Rd6 Re7 21.
Bxd5 exd5 22. Qxd5+ 1-0

[Event "Sparkassen-Open A"]
[Site "Heusenstamm, Martinsee"]
[Date "2022.11.20"]
[Round "6.16"]
[White "Kleibel, Uwe"]
[Black "Papadopoulos, Ioannis"]
[Result "1-0"]
[WhiteElo "2238"]
[BlackElo "2114"]
[PlyCount "99"]
[EventDate "2022.??.??"]
[WhiteTeam "SC Bavaria Regensburg von 1881"]
[BlackTeam "SV Oberursel"]

1. d4 Nf6 2. Nf3 e6 3. Bf4 d5 4. e3 c5 5. Nbd2 Bd6 6. c3 Qc7 7. Bxd6 Qxd6 8.
Ne5 Nbd7 9. f4 O-O 10. Bd3 b6 11. O-O Bb7 12. Qf3 Ne8 13. Kh1 f5 14. g4 fxg4
15. Qxg4 Ndf6 16. Qf3 Qe7 17. Rg1 Rc8 18. Rg3 Rc7 19. Rag1 Nd6 20. Rh3 Nde4 21.
Nf1 Bc6 22. Ng3 Be8 23. Nxe4 dxe4 24. Bxe4 Nxe4 25. Qxe4 Rf5 26. Rg5 g6 27.
Rhg3 Qf6 28. Kg1 Kg7 29. h4 Rxg5 30. hxg5 Qf5 31. Qxf5 exf5 32. Rg2 Bf7 33. a3
c4 34. Nxf7 Kxf7 35. Re2 Ke6 36. Kf2 Kd5 37. Kf3 Re7 38. a4 a6 39. Re1 Re8 40.
Rh1 Re7 41. Rb1 Re6 42. Rh1 Re7 43. Rc1 Rc7 44. Rb1 Rc6 45. Ke2 Re6 46. b3 cxb3
47. Kd3 b5 48. Rxb3 Rb6 49. axb5 axb5 50. Rxb5+ 1-0

[Event "Sparkassen-Open A"]
[Site "Heusenstamm, Martinsee"]
[Date "2022.11.20"]
[Round "6.17"]
[White "Hebbering, Tom Elliot"]
[Black "Burkhardt, Holger"]
[Result "1-0"]
[WhiteElo "2229"]
[BlackElo "1979"]
[PlyCount "203"]
[EventDate "2022.??.??"]
[WhiteTeam "SK 1980 Gernsheim"]
[BlackTeam "SK 1858 Gießen"]

1. d4 e6 2. c4 f5 3. g3 Nf6 4. Bg2 Be7 5. Nf3 O-O 6. O-O d6 7. Nc3 Ne4 8. Qc2
Nxc3 9. Qxc3 Bf6 10. c5 Nc6 11. cxd6 cxd6 12. Rd1 Qe7 13. Qa3 e5 14. d5 Nb8 15.
Nd2 a5 16. Nc4 Qc7 17. Nxd6 Bd7 18. Be3 Be7 19. Ne8 Rxe8 20. d6 Bxd6 21. Rxd6
Ra6 22. Rxa6 Nxa6 23. Rc1 Bc6 24. Bxc6 bxc6 25. Qd3 Nb4 26. Qc4+ Qf7 27. Qxf7+
Kxf7 28. a3 Nd5 29. Rxc6 Nxe3 30. fxe3 Rb8 31. Kf2 Rxb2 32. Rc5 Kf6 33. Rxa5 e4
34. a4 Ra2 35. Ra7 h5 36. a5 Ra1 37. a6 g5 38. Ra8 Kg7 39. h3 Kg6 40. a7 Kg7
41. Kg2 Ra3 42. Kf1 Ra1+ 43. Kf2 Kh7 44. h4 g4 45. Rf8 Rxa7 46. Rxf5 Kg6 47.
Rg5+ Kh6 48. Re5 Ra4 49. Re6+ Kg7 50. Rd6 Ra5 51. Ke1 Ra1+ 52. Rd1 Ra3 53. Rd4
Rxe3 54. Kf2 Ra3 55. Rxe4 Rb3 56. Rd4 Kg6 57. Rd6+ Kg7 58. Rd3 Rb4 59. Ke3 Ra4
60. Rd4 Ra3+ 61. Kf4 Ra6 62. Rd3 Kf6 63. e4 Kg6 64. Re3 Ra4 65. Rb3 Ra6 66. Rd3
Rf6+ 67. Ke5 Rf3 68. Kd4 Rf8 69. Ke3 Rf3+ 70. Ke2 Rf6 71. Re3 Ra6 72. Kd3 Ra3+
73. Kd4 Ra4+ 74. Ke5 Ra5+ 75. Kf4 Ra1 76. Rc3 Rf1+ 77. Ke5 Kg7 78. Kd5 Rd1+ 79.
Ke6 Rf1 80. Ke5 Rf3 81. Kd4 Rf1 82. Rc7+ Kg6 83. Rc6+ Kg7 84. Rc5 Kg6 85. Rg5+
Kh6 86. e5 Rd1+ 87. Kc5 Rd3 88. e6 Rxg3 89. Re5 Rc3+ 90. Kd6 Rd3+ 91. Ke7 g3
92. Rg5 Re3 93. Kd7 Rd3+ 94. Ke8 Rd4 95. Rxg3 Rxh4 96. e7 Re4 97. Kf7 Rf4+ 98.
Ke6 Re4+ 99. Kf6 Kh7 100. Rg5 Re1 101. Re5 Rf1+ 102. Ke6 1-0

[Event "Sparkassen-Open A"]
[Site "Heusenstamm, Martinsee"]
[Date "2022.11.20"]
[Round "6.18"]
[White "Förster, Erik"]
[Black "Li, Maxim"]
[Result "1/2-1/2"]
[WhiteElo "2175"]
[BlackElo "1966"]
[PlyCount "50"]
[EventDate "2022.??.??"]
[WhiteTeam "Sfr.Heidesheim"]
[BlackTeam "Wiesbadener SV 1885"]

1. Nf3 d5 2. d4 c6 3. c4 Nf6 4. g3 Bf5 5. Nc3 e6 6. Nh4 Be4 7. f3 Bg6 8. Nxg6
hxg6 9. Qb3 Qb6 10. Bf4 dxc4 11. Qxc4 Nd5 12. Bd2 Bd6 13. f4 g5 14. e3 Nd7 15.
O-O-O gxf4 16. gxf4 N7f6 17. Bd3 Ng4 18. Nxd5 exd5 19. Qa4 Nf2 20. Be2 Nxd1 21.
Rxd1 Qc7 22. Bf3 Rxh2 23. Rg1 Kf8 24. Qd1 Qe7 25. Rxg7 Qf6 1/2-1/2

[Event "Sparkassen-Open A"]
[Site "Heusenstamm, Martinsee"]
[Date "2022.11.20"]
[Round "6.19"]
[White "Glöckler, Christian"]
[Black "Hinrichs, Paul"]
[Result "0-1"]
[WhiteElo "2051"]
[BlackElo "2172"]
[PlyCount "122"]
[EventDate "2022.??.??"]
[WhiteTeam "SC Lindenholzhausen"]
[BlackTeam "Sfr.Heidesheim"]

1. e4 e5 2. Nf3 Nc6 3. Bb5 a6 4. Ba4 Nf6 5. O-O Be7 6. Re1 b5 7. Bb3 d6 8. c3
O-O 9. h3 Bb7 10. d4 Re8 11. d5 Na5 12. Bc2 c6 13. dxc6 Bxc6 14. Nbd2 Qc7 15.
a4 Nc4 16. Nf1 d5 17. exd5 Bxd5 18. b3 Na5 19. Bb2 Rad8 20. N3d2 Nb7 21. axb5
axb5 22. Qe2 Qc6 23. Ne3 Be6 24. c4 Bb4 25. cxb5 Qc5 26. Red1 Nd6 27. Bd3 e4
28. Bc4 Nh5 29. Bxe6 Rxe6 30. Rac1 Qg5 31. Kh2 f5 32. Ndc4 Nf4 33. Qf1 Nd3 34.
Rxd3 exd3 35. Qxd3 Ne4 36. Qc2 Qf4+ 37. Kg1 Bc5 38. Re1 Nxf2 39. Qxf2 Qxf2+ 40.
Kxf2 f4 41. Kf3 fxe3 42. Be5 Re7 43. Ke2 Rd2+ 44. Kf3 Rf2+ 45. Kg3 Rf5 46. Bd6
Bxd6+ 47. Nxd6 Rd5 48. Nc4 Rxb5 49. Rxe3 Rxe3+ 50. Nxe3 Rxb3 51. Kf4 Kf7 52. h4
Ke6 53. g3 Rb4+ 54. Kg5 Re4 55. Ng2 h6+ 56. Kh5 Kf5 57. g4+ Kf6 58. g5+ Kf5 59.
g6 Re5 60. Ne3+ Kf4+ 61. Nf5 Rxf5# 0-1

[Event "Sparkassen-Open A"]
[Site "Heusenstamm, Martinsee"]
[Date "2022.11.20"]
[Round "6.20"]
[White "Jakel, Wolfgang"]
[Black "Udelnov, Valentin"]
[Result "1-0"]
[WhiteElo "2267"]
[BlackElo "1873"]
[PlyCount "39"]
[EventDate "2022.??.??"]
[WhiteTeam "VSG 1880 Offenbach"]
[BlackTeam "Schachzwerge Magdeburg"]

1. e4 e5 2. Nf3 Nc6 3. Bc4 Bc5 4. O-O Nf6 5. d3 d6 6. c3 a6 7. Bb3 Ba7 8. Nbd2
O-O 9. h3 h6 10. Re1 Re8 11. Nf1 Be6 12. N3h2 Qd7 13. Qf3 Nh7 14. Ng3 Ne7 15.
Ng4 Ng5 16. Bxg5 hxg5 17. Nh5 Kh8 18. Nxg7 Kxg7 19. Qf6+ Kg8 20. Qxg5+ 1-0

[Event "Sparkassen-Open A"]
[Site "Heusenstamm, Martinsee"]
[Date "2022.11.20"]
[Round "6.21"]
[White "Langedijk, Ardjan"]
[Black "Alber, Horst"]
[Result "0-1"]
[WhiteElo "2059"]
[BlackElo "2249"]
[PlyCount "92"]
[EventDate "2022.??.??"]
[WhiteTeam "Caissa Eenhorn"]
[BlackTeam "SK Marburg 1931/72"]

1. Nf3 Nf6 2. c4 g6 3. b3 Bg7 4. Bb2 O-O 5. g3 d6 6. d4 c6 7. Nc3 Nbd7 8. Bg2
e5 9. O-O Re8 10. e3 e4 11. Nd2 d5 12. Qc2 a6 13. a4 h5 14. a5 h4 15. b4 hxg3
16. hxg3 Nf8 17. Na4 Be6 18. Nb6 Rb8 19. Rac1 Ng4 20. Ba3 Qg5 21. Rfe1 Qh5 22.
Nf1 Nh7 23. cxd5 cxd5 24. b5 Ng5 25. Qe2 Bf5 26. Rc7 Kh8 27. Nxd5 Nf3+ 28. Bxf3
exf3 29. Qd1 g5 30. Nc3 Nf6 31. e4 Bh3 32. Ne3 Nxe4 33. Ncd5 Rbd8 34. bxa6 Rxd5
35. axb7 Rxa5 36. Qb1 Rxa3 37. b8=Q Rxb8 38. Qxb8+ Kh7 39. Qb1 f5 40. Nd5 Bg2
41. Rxg7+ Kxg7 42. Qb7+ Qf7 43. Qb2 Rd3 44. Ne3 Rxe3 45. Rxe3 Qh5 46. Qb7+ Kg6
0-1

[Event "Sparkassen-Open A"]
[Site "Heusenstamm, Martinsee"]
[Date "2022.11.20"]
[Round "6.22"]
[White "Player, Edmund"]
[Black "Simukov, Erik"]
[Result "1-0"]
[WhiteElo "2212"]
[BlackElo "2000"]
[Annotator "Schloessner,Henrik"]
[PlyCount "107"]
[EventDate "2022.??.??"]
[WhiteTeam "FC Bayern München"]
[BlackTeam "SVG CAISSA Kassel"]

1. e4 e5 2. Nf3 Nc6 3. Bb5 a6 4. Ba4 Nf6 5. O-O Be7 6. d3 b5 7. Bb3 d6 8. a3
O-O 9. Nc3 Bg4 10. Be3 Nd4 11. Bxd4 exd4 12. Nd5 Nxd5 13. Bxd5 Rc8 14. h3 Bd7
15. Nh2 c6 16. Bb3 d5 17. exd5 c5 18. Ba2 Bf6 19. Nf3 c4 20. Nd2 c3 21. bxc3
Rxc3 22. Bb3 a5 23. Ne4 Rc8 24. a4 Be5 25. f4 Bb8 26. axb5 Bxb5 27. Qd2 a4 28.
Ba2 h6 29. Qb4 Be8 30. Bc4 f5 31. Ng3 Bd6 32. Qd2 Qe7 33. Rae1 Qc7 34. Ne2 Qb6
35. Rb1 Qa7 36. Ra1 a3 37. Kh1 Bf7 38. Qe1 Rfe8 39. Qf2 Rc5 40. Nxd4 Bxd5 41.
Nxf5 Qd7 42. Nxd6 Qxd6 43. Bxd5+ Rxd5 44. Qa7 Re2 45. Rxa3 Rxc2 46. Ra6 Qc5 47.
Qb8+ Qc8 48. Qb3 Rcc5 49. Rd6 Qa8 50. d4 Ra5 51. Rxd5 Rxd5 52. Re1 Kh7 53. Qe3
h5 54. Kh2 {Rest nicht entzifferbar 1-0 (82)} 1-0

[Event "Sparkassen-Open A"]
[Site "Heusenstamm, Martinsee"]
[Date "2022.11.20"]
[Round "6.23"]
[White "Röschlau, Bernd"]
[Black "Hänselmann, Hendrik"]
[Result "1/2-1/2"]
[WhiteElo "2214"]
[BlackElo "2017"]
[PlyCount "116"]
[EventDate "2022.??.??"]
[WhiteTeam "SC Heusenstamm"]
[BlackTeam "Karlsruher SF"]

1. d4 Nf6 2. c4 g6 3. Nc3 Bg7 4. e4 d6 5. Be2 O-O 6. Bg5 c6 7. h4 h6 8. Be3 h5
9. f3 e5 10. dxe5 dxe5 11. Qxd8 Rxd8 12. Nh3 Na6 13. Nf2 Be6 14. a3 Kh7 15. g4
Nc7 16. Rg1 Bd7 17. O-O-O Ne6 18. Bd3 Nd4 19. Bxd4 exd4 20. Ne2 hxg4 21. fxg4
Be6 22. h5 Nd7 23. Nf4 g5 24. e5+ Kh6 25. N2h3 Bxe5 26. Nxe6 fxe6 27. Rde1 Rf8
28. Be4 Rf6 29. b4 Raf8 30. Kd1 Bc7 31. Ke2 Nb6 32. Kd3 Be5 33. Nxg5 Kxg5 34.
Bxc6 Bh2 35. Rg2 bxc6 36. Rxh2 Rf3+ 37. Kxd4 Nd7 38. Rxe6 R8f4+ 39. Re4 Nf6 40.
Rxf4 Rxf4+ 41. Kc5 Nxg4 42. Re2 Rf7 43. Kxc6 Kf6 44. Kd6 Rh7 45. c5 Nh6 46.
Rf2+ Nf5+ 47. Kc6 Rxh5 48. Kb7 Rh7+ 49. Kb8 Ke6 50. Rd2 Rd7 51. Rg2 Nd4 52.
Rg6+ Kd5 53. Kc8 Rh7 54. Rd6+ Ke5 55. a4 Ne6 56. Rd7 Rh4 57. c6 Rxb4 58. Rxa7
Kd6 1/2-1/2